La carta a los Hebreos: una visión desde las teologías del templo

সংরক্ষণ করুন:
গ্রন্থ-পঞ্জীর বিবরন
প্রধান লেখক: García-Huidobro Rivas, Tomás (Author)
বিন্যাস: গ্রন্থ
ভাষা:স্প্যানিশ
প্রকাশিত: Salamanca Ediciones Sígueme 2014
সংস্করন:1a. ed
মালা:Biblioteca de Estudios Bíblicos Minor, 23
বিষয়গুলি:
ট্যাগগুলো: ট্যাগ যুক্ত করুন
কোনো ট্যাগ নেই, প্রথমজন হিসাবে ট্যাগ করুন!

MARC

LEADER 00000cam a2200000 a 4500
001 UCD7435
003 CL-VaPUC
008 170326e20140000sp |||||||||||||||||spa|d
020 |a 9788430118649 
082 0 4 |a 227.87  |b GAR  |2 21 
100 |a García-Huidobro Rivas, Tomás  |e author  |9 589271 
245 1 3 |a La carta a los Hebreos: una visión desde las teologías del templo 
250 |a 1a. ed 
300 |a 155 p 
942 |c BK 
945 |d 20170326 03:36:00  |a dcastane 
260 |a Salamanca  |b Ediciones Sígueme  |c 2014 
650 0 |a Textos sagrados   |9 257605 
650 7 |a EPISTOLAS CATOLICAS  |2 CL-VaPUC  |9 319984 
650 0 |a Cartas apostólicas  |9 373744 
583 |a last modification  |c 20170326 03:36:00  |k Rodrigo Vera 
490 0 |a Biblioteca de Estudios Bíblicos Minor, 23 
999 |c 367470  |d 367468 
952 |0 0  |1 0  |3 erb  |4 0  |6 227_870000000000000_GAR_2014  |7 0  |8 A  |9 482347  |a BIBTEO  |b BIBTEO  |i 5368383  |o 227.87 GAR 2014  |p 5368383  |r 2025-01-17  |w 2019-11-24  |y BK  |z Catalogado en:20170326  |k ICR